Slovensko sektor telekomunikácií 2002-2003

Podrobná bibliografia
Korporatívny autor: Slovensko. Ministerstvo dopravy, pôšt a telekomunikácií (vyd)
Médium: Elektronický zdroj E-kniha
Jazyk:slovenčina
Fyzický popis:1 elektronický optický disk (CD-ROM) 12 cm
Vydavateľské údaje: Bratislava JP know-how 2003
ISBN:8096897004
Predmet:

MARC

LEADER 00000nmm a2200000 a 4500
001 vtls001484024
003 SK-MaSNL
005 20260302073719.0
008 130607s2003 xo da 0 slo
015 |a SNBS2004/04-01946 
020 |a 8096897004 
035 |a SNK000439318 
040 |a SNK  |b slo  |c SNK  |e AACR2 
043 |a e-xo-- 
044 |a xo  |c SK 
072 7 |a 654  |x Telekomunikácie a diaľkové riadenie  |2 prospekt 
080 |a 654  |2 1981 
080 |a (437.6)  |2 1981 
080 |a (036)  |2 1981 
080 |a (0.034.44)  |2 1981 
080 |a 654(437.6)(0.034)  |2 2. slo 
245 1 |a Slovensko sektor telekomunikácií 2002-2003  |h elektronický zdroj 
246 1 0 |a Slovakia telecommunication sector 2002-2003 
246 1 1 |a Slovakia telecommunication sector 2002-2003 
256 |a Elektronické textové údaje 
260 |a Bratislava  |b JP know-how  |c 2003 
300 |a 1 elektronický optický disk (CD-ROM)  |c 12 cm 
500 |a Súbežný názov a text ang. 
500 |a Vydané pre Ministerstvo dopravy, pôšt a telekomunikácií SR 
650 0 7 |a telekomunikácie  |z Slovensko  |y 2002-2003  |2 SNK  |9 738458 
650 0 7 |a telekomunikácie  |z Slovensko  |y 2002-2003  |x dokumenty elektronické  |2 SNK  |9 738459 
651 7 |a Slovensko  |x telekomunikácie  |2 SNK  |9 530562 
651 7 |a Slovensko  |x telekomunikácie  |y 2002-2003  |x dokumenty elektronické  |2 SNK  |9 738460 
655 7 |a elektronické textové údaje  |2 SNK  |9 70697 
655 7 |a informačné publikácie  |2 SNK  |9 70181 
655 7 |a CD-ROM  |2 SNK  |9 70236 
710 2 |a Slovensko.  |b Ministerstvo dopravy, pôšt a telekomunikácií  |4 vyd  |9 236279 
919 |a 80-968970-0-4 
999 |c 1162019  |d 1163949 
952 |t P60, <03>, [AUDIO], {603}  |a SNK  |b SNK  |y PREZ  |7 0  |p 17A0443995  |o snkSCDM 515/2002-2003  |i snkJK 436/2004  |0 0  |1 0  |4 0  |d 2004-10-22  |l 0  |r 2005-01-02 00:00:00  |w 2026-02-24